Novelizácia zákona o doplnkovom dôchodkovom sporení vykonaná v článku XVI. zákona z 28. novembra 2007 o zavedení meny euro v Slovenskej republike

Zákon č. 650/2004 Z.z. z 26. októbra 2004 o doplkovom dôchodkovom sporení a o zmene a doplnení niektorých zákonov v znení ďalších zákonov ... a zákona č. 555/2007 Z.z.

Gespeichert in:
Bibliographische Detailangaben
Format: Buchkapitel
Sprache:Slowakisch
Schlagworte:
Tags: Tag hinzufügen
Keine Tags, Fügen Sie das erste Tag hinzu!

MARC

LEADER 00000naa$a2200000$$$4500
001 0069184
005 20231106073443.1
041 0 |a slo 
044 |a SK 
245 1 0 |a Novelizácia zákona o doplnkovom dôchodkovom sporení vykonaná v článku XVI. zákona z 28. novembra 2007 o zavedení meny euro v Slovenskej republike 
520 |a Zákon č. 650/2004 Z.z. z 26. októbra 2004 o doplkovom dôchodkovom sporení a o zmene a doplnení niektorých zákonov v znení ďalších zákonov ... a zákona č. 555/2007 Z.z. 
610 2 0 |a sporenie dôchodkové doplnkové 
610 2 0 |a zákony 
610 2 0 |a novelizácia 
610 2 0 |a Slovensko 
610 2 0 |a 2004-2007